ბათუმის შოთა რუსთაველის სახელმწიფო უნივერსიტეტის ბიბლიოთეკა

სემიუელ პინგლის თავგადასავალი (ბიბ.ჩანაწერი № 50007)

000 -LEADER
fixed length control field 00780nam a2200217Ia 4500
001 - CONTROL NUMBER
control field 16944
003 - CONTROL NUMBER IDENTIFIER
control field GE_BSU
008 - FIXED-LENGTH DATA ELEMENTS--GENERAL INFORMATION
fixed length control field 181216s||||||||xx |||||||||||||| ||und||
040 ## - CATALOGING SOURCE
Transcribing agency GE_BSU
080 ## - UNIVERSAL DECIMAL CLASSIFICATION NUMBER
Universal Decimal Classification number 821.161.1-31
100 ## - MAIN ENTRY--PERSONAL NAME
Personal name ბელიაევი, ს.
245 ## - TITLE STATEMENT
Title სემიუელ პინგლის თავგადასავალი
245 ## - TITLE STATEMENT
Remainder of title რომანი
245 ## - TITLE STATEMENT
Statement of responsibility, etc. თარგმნა ნუნუ გიორგობიანმა. რედ.ნ.ქართველიშვილი
260 ## - PUBLICATION, DISTRIBUTION, ETC.
Place of publication, distribution, etc. თბილისი
260 ## - PUBLICATION, DISTRIBUTION, ETC.
Name of publisher, distributor, etc. ნაკადული
260 ## - PUBLICATION, DISTRIBUTION, ETC.
Date of publication, distribution, etc. 1987
300 ## - PHYSICAL DESCRIPTION
Extent 306გვ. ; 21სმ.
653 ## - INDEX TERM--UNCONTROLLED
Uncontrolled term სემიუელ პინგლის თავგადასავალი
942 ## - ADDED ENTRY ELEMENTS (KOHA)
Koha item type წიგნი
ეგზემპლარები
Withdrawn status Lost status Damaged status Not for loan Date acquired Barcode Date last seen Price effective from Koha item type
        2018-12-17 21829 2018-12-17 2018-12-17 წიგნი
        2018-12-17 21830 2018-12-17 2018-12-17 წიგნი